Cripps on compulsory acquisition of land: powers, procedure and compensation (Record no. 95397)

MARC details
000 -LEADER
fixed length control field 00664cam a2200229 4500
001 - CONTROL NUMBER
control field D2958
008 - FIXED-LENGTH DATA ELEMENTS--GENERAL INFORMATION
fixed length control field 090401t1962 xxu||||| |||| 00| 0 eng d
035 ## - SYSTEM CONTROL NUMBER
System control number (Sirsi) u71236
041 ## - LANGUAGE CODE
Language code of text/sound track or separate title eng
050 ## - LIBRARY OF CONGRESS CALL NUMBER
Classification number 711.14
100 ## - MAIN ENTRY--PERSONAL NAME
Personal name Cripps, C.
245 ## - TITLE STATEMENT
Title Cripps on compulsory acquisition of land: powers, procedure and compensation
250 ## - EDITION STATEMENT
Edition statement 11th
260 ## - PUBLICATION, DISTRIBUTION, ETC.
Place of publication, distribution, etc. London
Name of publisher, distributor, etc. Stevens and Sons
Date of publication, distribution, etc. 1962
300 ## - PHYSICAL DESCRIPTION
Extent cv. 1245p. 25cm
350 ## - PRICE (NR) (BK AM CF MU VM SE) [OBSOLETE]
Price 10.5
490 ## - SERIES STATEMENT
Series statement Sweet and Maxwell Property and Conveyancing Library
Volume/sequential designation 1
520 ## - SUMMARY, ETC.
Summary, etc. accs. no 214126 + supplement, Accs. no 215080 + supplement
700 ## - ADDED ENTRY--PERSONAL NAME
Personal name Parrish, Harold
942 ## - ADDED ENTRY ELEMENTS (KOHA)
Suppress in OPAC 0
948 ## - LOCAL PROCESSING INFORMATION (OCLC); SERIES PART DESIGNATOR (RLIN)
c (OCLC) 04/03/1997
Holdings
Withdrawn status Lost status Source of classification or shelving scheme Damaged status Not for loan Home library Current library Shelving location Date acquired Cost, normal purchase price Total Checkouts Full call number Barcode Date last seen Copy number Cost, replacement price Price effective from Koha item type
    Dewey Decimal Classification     London London Books 14/09/1999 10.50   711.14 30010332 06/08/2019 1 10.50 06/08/2019 Reference material